000 01107nam0a2200301 4500
001 RU\NLR\bibl\1204738
005 20250615102940.0
010 _a978-5-913277-012-2
_968
021 _aRU
_b2008-4589
_9245
035 _a(NLR Aleph) 001191216
090 _a1718530
_c1718530
100 _a20080324d2007 |||y0rusy50 ca
101 0 _arus
102 _aRU
105 _aa |||||||||
200 1 _aРеабилитационные аспекты биоуправляемой директивной цветостимуляции
_fПятакович Ф.А., Макконен К.Ф.
210 _aМосква
_cАкадемия Естествознания
_d2007
215 _a153 с.
_cил.
_d20
606 1 _aЦветоимпульсная терапия
_92390150
_3RU\NLR\auth\661425438
686 _aР354.3
700 1 _aПятакович
_bФ. А.
_gФеликс Андреевич
_4070
701 1 _aМакконен
_bК. Ф.
_4070
801 0 _aRU
_bNLR
_c20080324
_gRCR
801 1 _aRU
_bNLR
_c20080324
830 _a1-й авт. по ЭК.
942 _cBOOK
980 _aNB